000 00687nam a2200253Ia 4500
003 OSt
005 20220918170021.0
006 a|||||r|||| 00| 0
007 ta
008 220917b |||||||| |||| 00| 0 eng d
020 _a8186921036 (hbk)
024 _a183,890
037 _cTextual
040 _aARTS
_cARTS
_beng
041 _2eng
_aeng
082 _aR39(Y), N9
100 _aMohapatra P.K.
_926672
245 0 _aFacets of humanism edited by P.K. Mohapatra
260 _aNew Delhi
_bDecent books
_c1999
300 _aviii; 190p
_ccm.
490 _aUtkal studies in philosophy
942 _hR39(Y), N9
_cTEXL
_2CC
999 _c132266
_d132266